000 00509cam a2200169 4500500
005 20251012032608.0
041 _afre
042 _adc
100 1 0 _aCesariny, Mário
_eauthor
700 1 0 _a Lévi, Florence
_eauthor
700 1 0 _a Sesé, Bernard
_eauthor
245 0 0 _aYou are welcome to Elsinore
260 _c2007.
500 _a46
786 0 _nSigila | 19 | 1 | 2007-06-20 | p. 180-183 | 1286-1715
856 4 1 _uhttps://shs.cairn.info/revue-sigila-2007-1-page-180?lang=fr&redirect-ssocas=7080
999 _c1547772
_d1547772